| 000 | 00404nam a22001697a 4500 | ||
|---|---|---|---|
| 005 | 20180417105127.0 | ||
| 008 | 160518b xxu||||| |||| 00| 0 eng d | ||
| 020 | _a81-85989-23-0 | ||
| 041 | _aeng | ||
| 082 |
_b2669 _a346.07 |
||
| 100 |
_aChadha P.R. _9723 |
||
| 245 | _aBusiness Law | ||
| 260 |
_aNew Delhi _bGalgotia Publ. Pvt. Ltd. _c1998 |
||
| 300 | _a539 | ||
| 650 |
_aManagement _9241 |
||
| 942 | _cBK | ||
| 999 |
_c969 _d969 |
||